| 000 | 00446cam a22001457a 4500 | ||
|---|---|---|---|
| 008 | 180718b1961 xxu||||| |||| 00| 0 eng d | ||
| 082 | _aF51x55 D48 | ||
| 100 | _aDe Tarr, Francis | ||
| 245 |
_aFrench Radical Party; from Herriot to Mendes-France _cbvy Francis De Tarr |
||
| 260 |
_aLondon _bOxford Univ. Press _c1961 |
||
| 300 | _a264p. | ||
| 440 | _abibl. | ||
| 500 | _a35/- | ||
| 650 | _aParti reモpublicain radical et radical-socialiste (Franc | ||
| 999 |
_c478992 _d478992 |
||